00514 2200205 4500001002100000005001500021008004100036020002200077035001900099041000700118082000800125090001400133100002300147700002200170245002400192260003100216300002900247500001000276650002200286INLIS00000000000307020241224112644241224||||||||| | ||| |||| || |  a978-602-1606-25-4 0010-1224003070 aid0 a813 a813 AME h0 aAmelia Nurusysyifa0 aAulia Oktadiputri00aHoliday or Hurryday aJakartabNoura Booksc2013 a91 hlm. : ilus, ; 20 cm. aCet.1 0aIlmu Kesusastraan